000 00621nam a2200169Ia 4500
008 180925s9999 xx 000 0 und d
100 _aKravitz, Richard H.
245 4 _aThe CPA Journal: the voice of the profession
245 _cThe CPA Journal: the voice of the profession
260 _bThe New york state society of certified public accountants
260 _c2018
300 _apages 5-80, March 2018
440 _aAccounting in the public interest: an historical perspective on professional ethics
_vLXXXXVIII.3
650 _aAccountancy.
650 _aAccountants -- professional ethics.
942 _2lcc
_cSE
999 _c358877
_d358877